|
|
|
|
| LEADER |
01256nam a2200277 i 4500 |
| 001 |
10023392 |
| 003 |
upatras |
| 005 |
20210117205754.0 |
| 008 |
990802s1993 us a g 1 eng d |
| 952 |
|
|
|0 0
|1 0
|2 ddc
|4 0
|6 Π_372_210000000000000_HAN
|7 0
|9 190136
|a LISP
|b LISP
|c REF
|d 2016-04-24
|i 045945
|l 0
|o Π 372.21 HAN
|p 025000059376
|r 2016-04-24 00:00:00
|t 1
|v 2016.00
|w 2016-04-24
|y BKN
|
| 999 |
|
|
|c 117087
|d 117087
|
| 020 |
|
|
|a 0028974050
|
| 040 |
|
|
|a GR-PaULI
|b gre
|c GR-PaULI
|e AACR2
|
| 082 |
0 |
4 |
|a 372.21
|2 23
|
| 245 |
0 |
0 |
|a Handbook of research on the education of young children /
|c edited by Bernard Spodek.
|
| 260 |
|
|
|a New York :
|b Macmillan,
|c 1993.
|
| 300 |
|
|
|a xix, 568 σ. :
|b εικ. ;
|c 29 εκ.
|
| 504 |
|
|
|a Περιλαμβάνει βιβλιογραφία και ευρετήριο.
|
| 650 |
|
4 |
|a Προσχολική αγωγή
|9 1202
|
| 650 |
|
4 |
|a Εκπαίδευση
|x Έρευνα
|9 3438
|
| 650 |
|
4 |
|a Εκπαίδευση, Προσχολική
|x Προγράμματα σπουδών.
|9 50854
|
| 700 |
1 |
|
|a Spodek, Bernard
|9 149354
|e επιμελητής.
|
| 852 |
|
|
|a GR-PaULI
|b ΠΑΤΡΑ
|b ΒΚΠ
|b ΒΣ2
|k ΟΧΙΔ
|h R 372.21 S
|m 045945
|p 025000059376
|t 1
|
| 942 |
|
|
|2 ddc
|c BKN
|
| 998 |
|
|
|c ΔΡΑΚΟΠΟΥΛΟΥ
|d 1999-08
|
| 998 |
|
|
|d ΒΑΣΙΛΕΙΟΥ
|b 2019-11
|